[Event "DVM U12 2022"]
[Site "München GER"]
[Date "2022.12.30"]
[Round "7"]
[White "Botschek, Marius"]
[Black "Obermair, Hannes"]
[Result "0-1"]
[Termination "normal"]
[Board "7.4"]
[WhiteElo "1451"]
[BlackElo "1212"]
[WhiteClock "00:40:29"]
[BlackClock "00:14:34"]
[WhiteTeam "SV 1947 Walldorf"]
[BlackTeam "SG Turm Leipzig"]
[PlyCount "86"]
[WhiteFideId "34629521"]
[BlackFideId "34640509"]
[EventCountry "GER"]
[EventRounds "7"]
[EventType "team-swiss"]
[EventDate "2022.12.26"]

1. e4 {[%clk 01:30:58]} {[%emt 00:00:02]} c5 {[%clk 01:30:47]} {[%emt
00:00:11]} 2. Nf3 {[%clk 01:31:25]} {[%emt 00:00:05]} Nc6 {[%clk 01:31:00]}
{[%emt 00:00:16]} 3. Bb5 {[%clk 01:31:49]} {[%emt 00:00:07]} a6 {[%clk
01:29:46]} {[%emt 00:01:44]} 4. Bxc6 {[%clk 01:32:15]} {[%emt 00:00:05]} bxc6
{[%clk 01:30:05]} {[%emt 00:00:10]} 5. O-O {[%clk 01:32:31]} {[%emt 00:00:14]}
g6 {[%clk 01:29:52]} {[%emt 00:00:43]} 6. Nc3 {[%clk 01:32:41]} {[%emt
00:00:20]} Bg7 {[%clk 01:29:49]} {[%emt 00:00:33]} 7. d3 {[%clk 01:32:36]}
{[%emt 00:00:34]} h6 {[%clk 01:29:11]} {[%emt 00:01:08]} 8. Be3 {[%clk
01:32:02]} {[%emt 00:01:04]} d6 {[%clk 01:28:00]} {[%emt 00:01:39]} 9. Nd2
{[%clk 01:29:23]} {[%emt 00:03:11]} e6 {[%clk 01:26:53]} {[%emt 00:01:36]} 10.
f4 {[%clk 01:27:12]} {[%emt 00:02:42]} Ne7 {[%clk 01:24:48]} {[%emt 00:02:34]}
11. Nf3 {[%clk 01:24:00]} {[%emt 00:03:44]} O-O {[%clk 01:22:23]} {[%emt
00:02:48]} 12. Qd2 {[%clk 01:19:26]} {[%emt 00:05:11]} f5 {[%clk 01:19:09]}
{[%emt 00:03:42]} 13. e5 {[%clk 01:17:29]} {[%emt 00:02:29]} Nd5 {[%clk
01:13:21]} {[%emt 00:06:16]} 14. Bf2 {[%clk 01:10:05]} {[%emt 00:07:56]} Nxc3
{[%clk 01:07:38]} {[%emt 00:06:12]} 15. bxc3 {[%clk 01:09:56]} {[%emt
00:00:41]} dxe5 {[%clk 01:00:57]} {[%emt 00:07:09]} 16. Nxe5 {[%clk 01:09:55]}
{[%emt 00:00:32]} Kh7 {[%clk 00:54:56]} {[%emt 00:06:31]} 17. Bxc5 {[%clk
01:08:27]} {[%emt 00:01:59]} Rg8 {[%clk 00:50:22]} {[%emt 00:05:02]} 18. Qe3
{[%clk 01:06:41]} {[%emt 00:02:16]} Qc7 {[%clk 00:45:00]} {[%emt 00:05:51]} 19.
d4 {[%clk 01:05:02]} {[%emt 00:02:12]} Bxe5 {[%clk 00:42:01]} {[%emt 00:03:27]}
20. fxe5 {[%clk 01:05:16]} {[%emt 00:00:17]} Rb8 {[%clk 00:39:49]} {[%emt
00:02:40]} 21. Bd6 {[%clk 01:05:31]} {[%emt 00:00:17]} Qb7 {[%clk 00:37:30]}
{[%emt 00:02:48]} 22. Bxb8 {[%clk 01:05:37]} {[%emt 00:00:25]} Qxb8 {[%clk
00:37:37]} {[%emt 00:00:22]} 23. Rf2 {[%clk 01:05:08]} {[%emt 00:01:00]} Qb2
{[%clk 00:35:22]} {[%emt 00:02:42]} 24. Raf1 {[%emt 00:01:59]} Qxa2 {[%clk
00:34:35]} {[%emt 00:00:09]} 25. g4 {[%clk 01:04:39]} {[%emt 00:00:41]} Bb7
{[%clk 00:33:05]} {[%emt 00:02:00]} 26. h4 {[%clk 01:01:40]} {[%emt 00:03:29]}
Qd5 {[%clk 00:31:54]} {[%emt 00:01:40]} 27. Qf3 {[%clk 01:00:38]} {[%emt
00:01:33]} Qd7 {[%clk 00:30:10]} {[%emt 00:02:13]} 28. Kh2 {[%clk 00:58:17]}
{[%emt 00:02:52]} c5 {[%clk 00:27:56]} {[%emt 00:02:42]} 29. Qe3 {[%clk
00:57:59]} {[%emt 00:00:49]} Qd5 {[%clk 00:25:51]} {[%emt 00:02:33]} 30. gxf5
{[%clk 00:47:32]} {[%emt 00:11:01]} gxf5 {[%clk 00:21:52]} {[%emt 00:04:28]}
31. Rf3 {[%clk 00:45:27]} {[%emt 00:02:35]} Rg4 {[%clk 00:19:00]} {[%emt
00:03:21]} 32. Qf2 {[%clk 00:40:12]} {[%emt 00:05:48]} Qxf3 {[%clk 00:17:49]}
{[%emt 00:01:40]} 33. Qxf3 {[%clk 00:40:16]} {[%emt 00:00:25]} Bxf3 {[%clk
00:18:11]} {[%emt 00:00:08]} 34. Rxf3 {[%clk 00:40:42]} {[%emt 00:00:05]} Rxh4
{[%clk 00:17:53]} {[%emt 00:00:48]} 35. Kg3 {[%clk 00:40:48]} {[%emt 00:00:24]}
Rg4 {[%clk 00:18:13]} {[%emt 00:00:10]} 36. Kf2 {[%clk 00:40:55]} {[%emt
00:00:24]} cxd4 {[%clk 00:18:13]} {[%emt 00:00:29]} 37. c4 {[%clk 00:40:44]}
{[%emt 00:00:42]} Re4 {[%clk 00:18:02]} {[%emt 00:00:39]} 38. Ra3 {[%clk
00:40:34]} {[%emt 00:00:41]} Rxe5 {[%clk 00:17:27]} {[%emt 00:01:06]} 39. Rxa6
{[%clk 00:40:59]} {[%emt 00:00:05]} Kg6 {[%clk 00:16:42]} {[%emt 00:01:15]} 40.
Rb6 {[%clk 00:40:11]} {[%emt 00:01:19]} Kg5 {[%clk 00:16:19]} {[%emt 00:00:53]}
41. Rb5 {[%clk 00:40:35]} {[%emt 00:00:06]} Kf6 {[%clk 00:15:39]} {[%emt
00:01:09]} 42. Kf3 {[%clk 00:40:08]} {[%emt 00:00:58]} Rxb5 {[%clk 00:15:07]}
{[%emt 00:01:02]} 43. cxb5 {[%clk 00:40:29]} {[%emt 00:00:09]} Ke5 {[%clk
00:14:34]} {[%emt 00:01:03]} 0-1

[Event "DVM U12 2022"]
[Site "München GER"]
[Date "2022.12.30"]
[Round "7"]
[White "Halich, Jan Finnian"]
[Black "Cao, Yuanshu"]
[Result "1/2-1/2"]
[Termination "normal"]
[Board "8.1"]
[WhiteElo "1182"]
[BlackElo "1489"]
[WhiteClock "01:24:34"]
[BlackClock "01:15:41"]
[WhiteTeam "SV Werder Bremen"]
[BlackTeam "SchachAkademiePaderborn"]
[PlyCount "46"]
[WhiteFideId "34623710"]
[BlackFideId "34640428"]
[EventCountry "GER"]
[EventRounds "7"]
[EventType "team-swiss"]
[EventDate "2022.12.26"]

1. e4 {[%clk 01:30:57]} {[%emt 00:00:03]} e6 {[%clk 01:30:57]} {[%emt
00:00:03]} 2. d4 {[%clk 01:31:22]} {[%emt 00:00:06]} d5 {[%clk 01:31:24]}
{[%emt 00:00:03]} 3. Nd2 {[%clk 01:31:47]} {[%emt 00:00:06]} dxe4 {[%clk
01:31:46]} {[%emt 00:00:08]} 4. Nxe4 {[%clk 01:32:07]} {[%emt 00:00:09]} Nd7
{[%clk 01:32:11]} {[%emt 00:00:06]} 5. Nf3 {[%clk 01:32:11]} {[%emt 00:00:26]}
Ngf6 {[%clk 01:32:30]} {[%emt 00:00:11]} 6. Bd3 {[%clk 01:31:38]} {[%emt
00:01:03]} Nxe4 {[%clk 01:32:50]} {[%emt 00:00:09]} 7. Bxe4 {[%clk 01:31:50]}
{[%emt 00:00:18]} Nf6 {[%clk 01:33:12]} {[%emt 00:00:08]} 8. Bd3 {[%clk
01:32:01]} {[%emt 00:00:20]} c5 {[%clk 01:32:43]} {[%emt 00:00:59]} 9. dxc5
{[%clk 01:31:57]} {[%emt 00:00:34]} Bxc5 {[%clk 01:33:04]} {[%emt 00:00:09]}
10. O-O {[%clk 01:32:17]} {[%emt 00:00:09]} O-O {[%clk 01:33:25]} {[%emt
00:00:10]} 11. Bg5 {[%clk 01:32:32]} {[%emt 00:00:15]} h6 {[%clk 01:32:54]}
{[%emt 00:01:01]} 12. Bh4 {[%clk 01:32:45]} {[%emt 00:00:17]} Re8 {[%clk
01:32:51]} {[%emt 00:00:32]} 13. c3 {[%clk 01:32:02]} {[%emt 00:01:14]} e5
{[%clk 01:32:08]} {[%emt 00:01:13]} 14. Re1 {[%clk 01:31:12]} {[%emt 00:01:20]}
Qb6 {[%clk 01:32:20]} {[%emt 00:00:19]} 15. b4 {[%clk 01:30:40]} {[%emt
00:01:01]} Bd6 {[%clk 01:31:42]} {[%emt 00:01:08]} 16. Bxf6 {[%clk 01:30:12]}
{[%emt 00:00:58]} gxf6 {[%clk 01:31:56]} {[%emt 00:00:16]} 17. Qd2 {[%clk
01:30:05]} {[%emt 00:00:37]} Bf8 {[%clk 01:29:42]} {[%emt 00:02:44]} 18. Nh4
{[%clk 01:28:07]} {[%emt 00:02:27]} Rd8 {[%clk 01:29:02]} {[%emt 00:01:11]} 19.
Re3 {[%clk 01:26:04]} {[%emt 00:02:33]} h5 {[%clk 01:22:22]} {[%emt 00:07:10]}
20. Rg3 {[%clk 01:24:46]} {[%emt 00:01:48]} Kh8 {[%clk 01:22:24]} {[%emt
00:00:29]} 21. Qe2 {[%clk 01:24:53]} {[%emt 00:00:23]} Bg4 {[%clk 01:17:55]}
{[%emt 00:04:57]} 22. Qe4 {[%clk 01:24:50]} {[%emt 00:00:35]} f5 {[%clk
01:16:08]} {[%emt 00:02:17]} 23. Nxf5 {[%clk 01:24:34]} {[%emt 00:00:46]} Qg6
{[%clk 01:15:41]} {[%emt 00:00:57]} 1/2-1/2

[Event "DVM U12 2022"]
[Site "München GER"]
[Date "2022.12.30"]
[Round "7"]
[White "Vesszö, Aaron"]
[Black "Haug, Niklas Alexander"]
[Result "1-0"]
[Termination "normal"]
[Board "8.2"]
[WhiteElo "1369"]
[BlackElo "1041"]
[WhiteClock "00:25:23"]
[BlackClock "00:34:08"]
[WhiteTeam "SchachAkademiePaderborn"]
[BlackTeam "SV Werder Bremen"]
[PlyCount "103"]
[WhiteFideId "34619631"]
[BlackFideId "34640444"]
[EventCountry "GER"]
[EventRounds "7"]
[EventType "team-swiss"]
[EventDate "2022.12.26"]

1. d4 {[%clk 01:30:54]} {[%emt 00:00:06]} d5 {[%clk 01:30:55]} {[%emt
00:00:05]} 2. Nf3 {[%clk 01:31:13]} {[%emt 00:00:12]} Nf6 {[%clk 01:30:47]}
{[%emt 00:00:37]} 3. g3 {[%clk 01:31:32]} {[%emt 00:00:12]} Nc6 {[%clk
01:30:51]} {[%emt 00:00:25]} 4. Bg2 {[%clk 01:31:23]} {[%emt 00:00:40]} Bf5
{[%clk 01:30:37]} {[%emt 00:00:43]} 5. a3 {[%clk 01:26:17]} {[%emt 00:05:36]}
h6 {[%clk 01:29:50]} {[%emt 00:01:17]} 6. O-O {[%clk 01:26:07]} {[%emt
00:00:41]} e6 {[%clk 01:29:49]} {[%emt 00:00:29]} 7. c4 {[%clk 01:22:30]}
{[%emt 00:04:08]} Ne7 {[%clk 01:29:03]} {[%emt 00:01:15]} 8. Re1 {[%clk
01:21:01]} {[%emt 00:02:00]} c6 {[%clk 01:27:44]} {[%emt 00:01:18]} 9. Nc3
{[%clk 01:05:43]} {[%emt 00:15:50]} g5 {[%clk 01:24:41]} 10. Nd2 {[%clk
00:54:47]} {[%emt 00:15:29]} Bg7 {[%clk 01:22:23]} 11. c5 {[%clk 00:51:45]}
{[%emt 00:06:19]} O-O {[%clk 01:20:01]} 12. b4 {[%emt 00:09:22]} a6 {[%clk
01:19:25]} 13. Bb2 {[%clk 00:46:49]} {[%emt 00:00:32]} b5 {[%clk 01:17:15]}
{[%emt 00:02:38]} 14. e4 {[%clk 00:46:29]} {[%emt 00:00:51]} Bg6 {[%clk
01:15:56]} {[%emt 00:01:49]} 15. exd5 {[%clk 00:42:52]} {[%emt 00:04:08]} exd5
{[%clk 01:15:13]} {[%emt 00:01:12]} 16. Nb3 {[%clk 00:35:34]} {[%emt 00:07:50]}
Re8 {[%clk 01:12:51]} {[%emt 00:02:51]} 17. Na5 {[%clk 00:35:29]} {[%emt
00:00:35]} Qc7 {[%clk 01:12:59]} {[%emt 00:00:21]} 18. a4 {[%clk 00:34:10]}
{[%emt 00:01:50]} Bh7 {[%clk 01:08:22]} {[%emt 00:05:06]} 19. axb5 {[%clk
00:30:55]} {[%emt 00:03:45]} axb5 {[%clk 01:08:05]} {[%emt 00:00:46]} 20. Nb3
{[%clk 00:31:04]} {[%emt 00:00:23]} Qc8 {[%clk 01:07:24]} {[%emt 00:01:09]} 21.
Rxa8 {[%clk 00:30:20]} {[%emt 00:01:15]} Qxa8 {[%emt 00:03:40]} 22. Qa1 {[%clk
00:28:48]} Qxa1 {[%clk 01:05:28]} {[%emt 00:01:17]} 23. Rxa1 {[%clk 00:28:49]}
{[%emt 00:00:30]} Bc2 {[%clk 01:02:20]} {[%emt 00:03:37]} 24. Na5 {[%clk
00:27:20]} {[%emt 00:01:59]} Nf5 {[%clk 01:01:54]} {[%emt 00:00:55]} 25. Nxc6
{[%clk 00:26:30]} {[%emt 00:01:23]} Rc8 {[%clk 01:01:34]} {[%emt 00:00:49]} 26.
Na7 {[%clk 00:25:41]} {[%emt 00:01:19]} Rc7 {[%clk 01:01:08]} {[%emt 00:00:54]}
27. Ncxb5 {[%clk 00:25:52]} {[%emt 00:00:22]} Rb7 {[%clk 01:00:29]} {[%emt
00:01:07]} 28. c6 {[%clk 00:25:52]} {[%emt 00:00:31]} Rb6 {[%clk 00:59:07]}
{[%emt 00:01:51]} 29. c7 {[%clk 00:25:46]} {[%emt 00:00:37]} Ne7 {[%clk
00:58:44]} {[%emt 00:00:52]} 30. Re1 {[%clk 00:23:54]} {[%emt 00:02:23]} Be4
{[%clk 00:55:29]} {[%emt 00:03:45]} 31. f3 {[%clk 00:24:07]} {[%emt 00:00:17]}
Bf5 {[%clk 00:50:15]} {[%emt 00:05:42]} 32. Rxe7 {[%clk 00:21:53]} {[%emt
00:02:46]} Bf8 {[%clk 00:49:13]} {[%emt 00:01:32]} 33. Re5 {[%clk 00:22:01]}
{[%emt 00:00:22]} Bd7 {[%clk 00:48:34]} {[%emt 00:01:07]} 34. h4 {[%clk
00:21:27]} {[%emt 00:01:05]} gxh4 {[%clk 00:47:33]} {[%emt 00:01:31]} 35. gxh4
{[%clk 00:21:49]} {[%emt 00:00:09]} Bd6 {[%clk 00:44:04]} {[%emt 00:03:58]} 36.
Nxd6 {[%clk 00:21:11]} {[%emt 00:01:10]} Rxd6 {[%clk 00:44:04]} {[%emt
00:00:27]} 37. c8=Q {[%clk 00:21:31]} {[%emt 00:00:12]} Bxc8 {[%clk 00:43:58]}
{[%emt 00:00:34]} 38. Nxc8 {[%clk 00:21:51]} {[%emt 00:00:12]} Rc6 {[%clk
00:44:02]} {[%emt 00:00:26]} 39. Ne7 {[%clk 00:22:14]} {[%emt 00:00:07]} Kg7
{[%clk 00:43:43]} {[%emt 00:00:49]} 40. Nxc6 {[%clk 00:22:25]} {[%emt
00:00:18]} Nd7 {[%clk 00:42:50]} {[%emt 00:01:23]} 41. Rxd5 {[%clk 00:22:49]}
{[%emt 00:00:07]} Nf6 {[%clk 00:42:49]} {[%emt 00:00:29]} 42. Ra5 {[%clk
00:22:56]} {[%emt 00:00:24]} Nd7 {[%clk 00:42:58]} {[%emt 00:00:20]} 43. b5
{[%clk 00:23:20]} {[%emt 00:00:07]} Nb6 {[%clk 00:42:35]} {[%emt 00:00:52]} 44.
d5 {[%clk 00:22:59]} {[%emt 00:00:52]} Kh7 {[%clk 00:40:17]} {[%emt 00:02:49]}
45. d6 {[%clk 00:23:11]} {[%emt 00:00:17]} Nd7 {[%clk 00:39:22]} {[%emt
00:01:24]} 46. Bh3 {[%clk 00:23:35]} {[%emt 00:00:07]} Nb6 {[%clk 00:37:26]}
{[%emt 00:02:25]} 47. Bd4 {[%clk 00:23:50]} {[%emt 00:00:16]} f5 {[%clk
00:35:38]} {[%emt 00:02:18]} 48. Ne7 {[%clk 00:23:58]} {[%emt 00:00:22]} h5
{[%clk 00:35:24]} {[%emt 00:00:44]} 49. Bxf5 {[%clk 00:24:13]} {[%emt
00:00:15]} Kh6 {[%clk 00:34:03]} {[%emt 00:01:51]} 50. d7 {[%clk 00:24:37]}
{[%emt 00:00:06]} Nxd7 {[%clk 00:34:08]} {[%emt 00:00:25]} 51. Ra6 {[%clk
00:25:02]} {[%emt 00:00:05]} Nb6 {[%emt 00:00:57]} 52. Rxb6# {[%clk 00:25:23]}
1-0

[Event "DVM U12 2022"]
[Site "München GER"]
[Date "2022.12.30"]
[Round "7"]
[White "Jablonski, Ture"]
[Black "Burban, Victor"]
[Result "1-0"]
[Termination "normal"]
[Board "8.3"]
[WhiteElo "1038"]
[BlackElo "1357"]
[WhiteClock "00:50:38"]
[BlackClock "00:19:44"]
[WhiteTeam "SV Werder Bremen"]
[BlackTeam "SchachAkademiePaderborn"]
[PlyCount "111"]
[WhiteFideId "34640452"]
[BlackFideId "34609032"]
[EventCountry "GER"]
[EventRounds "7"]
[EventType "team-swiss"]
[EventDate "2022.12.26"]

1. d4 {[%clk 01:30:59]} {[%emt 00:00:01]} Nf6 {[%clk 01:30:56]} {[%emt
00:00:05]} 2. Bf4 {[%clk 01:31:20]} {[%emt 00:00:08]} g6 {[%clk 01:31:16]}
{[%emt 00:00:10]} 3. e3 {[%clk 01:31:40]} {[%emt 00:00:09]} Bg7 {[%clk
01:31:36]} {[%emt 00:00:10]} 4. Nd2 {[%clk 01:31:59]} {[%emt 00:00:12]} d6
{[%clk 01:31:14]} {[%emt 00:00:52]} 5. h3 {[%clk 01:32:19]} {[%emt 00:00:10]}
O-O {[%clk 01:30:12]} {[%emt 00:01:33]} 6. Ngf3 {[%clk 01:32:39]} {[%emt
00:00:09]} Nbd7 {[%clk 01:29:44]} {[%emt 00:00:58]} 7. c3 {[%clk 01:32:54]}
{[%emt 00:00:15]} Re8 {[%clk 01:28:16]} {[%emt 00:01:58]} 8. Bd3 {[%clk
01:32:50]} {[%emt 00:00:34]} e5 {[%clk 01:27:38]} {[%emt 00:01:08]} 9. Bg5
{[%clk 01:32:23]} {[%emt 00:00:56]} h6 {[%clk 01:26:54]} {[%emt 00:01:14]} 10.
Bxf6 {[%clk 01:31:51]} {[%emt 00:01:02]} Nxf6 {[%clk 01:27:13]} {[%emt
00:00:11]} 11. Bc2 {[%clk 01:32:03]} {[%emt 00:00:19]} Nh7 {[%clk 01:24:23]}
{[%emt 00:03:20]} 12. O-O {[%clk 01:32:22]} {[%emt 00:00:10]} f5 {[%clk
01:23:48]} {[%emt 00:01:06]} 13. Nh2 {[%clk 01:31:28]} {[%emt 00:01:24]} e4
{[%clk 01:18:50]} {[%emt 00:05:28]} 14. Bb3 {[%clk 01:31:35]} {[%emt 00:00:23]}
Kh8 {[%clk 01:17:39]} {[%emt 00:01:41]} 15. Bf7 {[%clk 01:31:40]} {[%emt
00:00:21]} Rf8 {[%clk 01:16:04]} {[%emt 00:02:08]} 16. Bxg6 {[%clk 01:31:47]}
{[%emt 00:00:24]} Qg5 {[%clk 01:14:31]} {[%emt 00:02:02]} 17. Bh5 {[%clk
01:31:29]} {[%emt 00:00:48]} f4 {[%clk 01:11:15]} {[%emt 00:03:47]} 18. Nxe4
{[%clk 01:30:20]} {[%emt 00:01:39]} Qe7 {[%clk 01:09:37]} {[%emt 00:02:09]} 19.
Bf3 {[%clk 01:25:23]} {[%emt 00:05:27]} Bf5 {[%clk 01:02:50]} {[%emt 00:07:16]}
20. Nd2 {[%clk 01:22:46]} {[%emt 00:03:07]} fxe3 {[%clk 01:00:23]} {[%emt
00:02:55]} 21. fxe3 {[%clk 01:19:54]} {[%emt 00:03:23]} Qxe3 {[%clk 00:58:27]}
{[%emt 00:02:26]} 22. Kh1 {[%clk 01:17:34]} {[%emt 00:02:51]} Rab8 {[%clk
00:55:37]} {[%emt 00:03:19]} 23. Qe2 {[%clk 01:17:22]} {[%emt 00:00:43]} Qxe2
{[%clk 00:53:25]} {[%emt 00:02:41]} 24. Bxe2 {[%emt 00:00:22]} Rbe8 {[%clk
00:52:35]} {[%emt 00:01:15]} 25. Rae1 {[%clk 01:17:55]} {[%emt 00:00:11]} Ng5
{[%clk 00:51:42]} {[%emt 00:01:23]} 26. Nhf3 {[%clk 01:16:20]} {[%emt
00:02:01]} Nxf3 {[%clk 00:50:17]} {[%emt 00:01:57]} 27. Bxf3 {[%clk 01:16:26]}
{[%emt 00:00:25]} b6 {[%clk 00:49:39]} {[%emt 00:01:10]} 28. Bh5 {[%clk
01:12:43]} {[%emt 00:04:05]} Rxe1 {[%clk 00:45:18]} {[%emt 00:04:57]} 29. Rxe1
{[%clk 01:13:00]} {[%emt 00:00:14]} Bf6 {[%clk 00:44:35]} {[%emt 00:01:12]} 30.
Nf3 {[%emt 00:00:56]} Kg7 {[%emt 00:01:29]} 31. g4 {[%clk 01:08:24]} {[%emt
00:03:05]} Bd7 {[%clk 00:44:04]} {[%emt 00:01:38]} 32. d5 {[%clk 01:05:49]}
{[%emt 00:03:05]} Kg8 {[%clk 00:42:44]} {[%emt 00:01:49]} 33. Rg1 {[%clk
01:04:47]} {[%emt 00:01:34]} Bxc3 {[%emt 00:02:30]} 34. g5 {[%clk 01:04:17]}
Bxb2 {[%clk 00:40:20]} {[%emt 00:01:52]} 35. gxh6 {[%clk 01:04:43]} {[%emt
00:00:05]} Kh8 {[%clk 00:39:27]} {[%emt 00:01:24]} 36. Ng5 {[%clk 01:03:30]}
{[%emt 00:01:41]} Be8 {[%clk 00:36:39]} {[%emt 00:03:20]} 37. Bxe8 {[%clk
01:03:33]} {[%emt 00:00:26]} Rxe8 {[%clk 00:36:52]} {[%emt 00:00:16]} 38. Rg2
{[%clk 00:58:03]} {[%emt 00:05:59]} Re1 {[%clk 00:31:05]} {[%emt 00:06:18]} 39.
Rg1 {[%clk 00:58:21]} {[%emt 00:00:13]} Rxg1 {[%clk 00:29:50]} {[%emt
00:01:45]} 40. Kxg1 {[%clk 00:58:43]} {[%emt 00:00:08]} Bc1 {[%clk 00:28:51]}
{[%emt 00:01:28]} 41. Ne6 {[%clk 00:56:38]} {[%emt 00:02:34]} Bxh6 {[%clk
00:28:10]} {[%emt 00:01:12]} 42. Nxc7 {[%clk 00:56:27]} {[%emt 00:00:41]} Be3
{[%clk 00:27:36]} {[%emt 00:01:04]} 43. Kf1 {[%clk 00:56:25]} {[%emt 00:00:32]}
a5 {[%clk 00:26:36]} {[%emt 00:01:31]} 44. Nb5 {[%clk 00:55:51]} {[%emt
00:01:02]} Bc5 {[%clk 00:26:47]} {[%emt 00:00:21]} 45. Ke2 {[%clk 00:55:04]}
{[%emt 00:01:16]} Kg7 {[%clk 00:24:59]} {[%emt 00:02:18]} 46. Kf3 {[%clk
00:55:00]} {[%emt 00:00:34]} Kf7 {[%clk 00:24:20]} {[%emt 00:01:09]} 47. h4
{[%clk 00:54:03]} {[%emt 00:01:26]} Kf6 {[%clk 00:23:21]} {[%emt 00:01:30]} 48.
h5 {[%clk 00:52:52]} {[%emt 00:01:41]} Kg5 {[%clk 00:19:52]} {[%emt 00:04:00]}
49. Ke4 {[%clk 00:53:03]} {[%emt 00:00:19]} Bb4 {[%clk 00:19:36]} {[%emt
00:00:46]} 50. h6 {[%clk 00:48:32]} {[%emt 00:05:19]} Kxh6 {[%clk 00:19:46]}
{[%emt 00:00:20]} 51. Kf5 {[%clk 00:49:00]} {[%emt 00:00:02]} Kg7 {[%clk
00:19:37]} {[%emt 00:00:39]} 52. Ke6 {[%clk 00:49:23]} {[%emt 00:00:07]} Kf8
{[%clk 00:19:17]} {[%emt 00:00:50]} 53. Nxd6 {[%clk 00:49:37]} {[%emt
00:00:15]} Bxd6 {[%clk 00:19:32]} {[%emt 00:00:15]} 54. Kxd6 {[%clk 00:50:01]}
{[%emt 00:00:08]} Ke8 {[%clk 00:19:39]} {[%emt 00:00:23]} 55. Kc7 {[%clk
00:50:18]} {[%emt 00:00:13]} b5 {[%clk 00:19:44]} {[%emt 00:00:25]} 56. d6
{[%clk 00:50:38]} {[%emt 00:00:10]} 1-0

[Event "DVM U12 2022"]
[Site "München GER"]
[Date "2022.12.30"]
[Round "7"]
[White "Burban, Bogdan"]
[Black "Plath, Erik"]
[Result "1-0"]
[Termination "normal"]
[Board "8.4"]
[WhiteElo "1258"]
[BlackElo "927"]
[WhiteClock "01:13:42"]
[BlackClock "01:13:37"]
[WhiteTeam "SchachAkademiePaderborn"]
[BlackTeam "SV Werder Bremen"]
[PlyCount "49"]
[WhiteFideId "34609040"]
[BlackFideId "34608206"]
[EventCountry "GER"]
[EventRounds "7"]
[EventType "team-swiss"]
[EventDate "2022.12.26"]

1. d4 {[%clk 01:30:57]} {[%emt 00:00:02]} d5 {[%clk 01:30:56]} {[%emt
00:00:05]} 2. c4 {[%clk 01:31:21]} {[%emt 00:00:05]} e6 {[%clk 01:31:20]}
{[%emt 00:00:05]} 3. Nc3 {[%clk 01:31:44]} {[%emt 00:00:08]} Bb4 {[%clk
01:31:29]} {[%emt 00:00:20]} 4. Nf3 {[%clk 01:30:57]} {[%emt 00:01:18]} Nf6
{[%clk 01:30:23]} {[%emt 00:01:36]} 5. Bg5 {[%clk 01:31:04]} {[%emt 00:00:22]}
h6 {[%clk 01:30:33]} {[%emt 00:00:21]} 6. Bh4 {[%clk 01:31:20]} {[%emt
00:00:13]} Nc6 {[%clk 01:30:02]} {[%emt 00:01:01]} 7. cxd5 {[%clk 01:31:30]}
{[%emt 00:00:22]} exd5 {[%clk 01:30:18]} {[%emt 00:00:13]} 8. e3 {[%clk
01:31:31]} {[%emt 00:00:29]} a6 {[%clk 01:30:03]} {[%emt 00:00:44]} 9. Bd3
{[%clk 01:31:19]} {[%emt 00:00:43]} Bg4 {[%clk 01:29:52]} {[%emt 00:00:41]} 10.
O-O {[%clk 01:31:24]} {[%emt 00:00:25]} O-O {[%clk 01:27:31]} {[%emt 00:02:50]}
11. Bxf6 {[%clk 01:31:15]} {[%emt 00:00:40]} Qxf6 {[%clk 01:27:35]} {[%emt
00:00:26]} 12. Nxd5 {[%clk 01:31:32]} {[%emt 00:00:13]} Qd6 {[%clk 01:27:10]}
{[%emt 00:00:54]} 13. Bc4 {[%clk 01:29:31]} {[%emt 00:02:32]} Na5 {[%clk
01:26:24]} {[%emt 00:01:16]} 14. Nxb4 {[%clk 01:27:59]} {[%emt 00:02:03]} Qxb4
{[%clk 01:26:11]} {[%emt 00:00:42]} 15. Bd5 {[%clk 01:26:24]} {[%emt 00:02:05]}
c6 {[%clk 01:24:54]} {[%emt 00:01:46]} 16. Be4 {[%clk 01:21:43]} {[%emt
00:05:11]} Qxb2 {[%clk 01:24:49]} {[%emt 00:00:36]} 17. Qd3 {[%clk 01:20:29]}
{[%emt 00:01:44]} Qb5 {[%clk 01:23:29]} {[%emt 00:01:48]} 18. Qc2 {[%clk
01:17:09]} {[%emt 00:03:51]} Rab8 {[%clk 01:17:14]} {[%emt 00:06:45]} 19. Ne5
{[%clk 01:16:20]} {[%emt 00:01:20]} Be6 {[%clk 01:16:23]} {[%emt 00:01:20]} 20.
Rab1 {[%clk 01:13:27]} {[%emt 00:03:24]} Nb3 {[%clk 01:13:27]} {[%emt
00:03:26]} 21. axb3 {[%clk 01:13:24]} {[%emt 00:00:33]} f6 {[%clk 01:13:20]}
{[%emt 00:00:37]} 22. Bh7 {[%clk 01:13:16]} {[%emt 00:00:38]} Kh8 {[%clk
01:13:24]} {[%emt 00:00:26]} 23. Ng6 {[%clk 01:13:28]} {[%emt 00:00:18]} Kxh7
{[%clk 01:13:22]} {[%emt 00:00:33]} 24. Nxf8 {[%clk 01:13:47]} {[%emt
00:00:10]} Kg8 {[%clk 01:13:37]} {[%emt 00:00:15]} 25. Nxe6 {[%clk 01:13:42]}
{[%emt 00:00:35]} 1-0